Smocking design

Saved in:
Bibliographic Details
Main Author: HodgeslhJean
Format: Book
Published: LondonlbB.T Batsford Ltdlc1995
Subjects:
Tags: Add Tag
No Tags, Be the first to tag this record!
Call Number :TT840.S66 H63 1995

MARC

LEADER 00000pam a2200000 4500
001 11801
003 MY-KLNDU
005 20241218055342.0
020 0 0 |a 0713463449 
035 |a 0000014122 
039 9 |y 200910081538  |z VLOAD 
090 0 0 |a TT840.S66  |b H63 1995 
100 1 0 |a HodgeslhJean 
245 1 0 |a Smocking design  |c Jean Hodges 
260 0 0 |a LondonlbB.T Batsford Ltdlc1995 
300 |a 140p.  |b col.ill  |c 25cm 
500 0 0 |a Includes index 
650 0 0 |a Smocking 
999 |a vtls000011613  |c 11801  |d 11801